LIBRARY & INFORMATION CENTRE, KCAET, TAVANUR

ONLINE PUBLIC ACCESS CATALOGUE (OPAC)

Engineering metrology / (Record no. 10697)

MARC details
000 -LEADER
fixed length control field 00488cam a2200205ua 4500
041 ## - LANGUAGE CODE
Language code of text/sound track or separate title eng
082 ## - DEWEY DECIMAL CLASSIFICATION NUMBER
Classification number 620.0044
Item number JAI/EN
100 ## - MAIN ENTRY--AUTHOR NAME
Personal name Jain, R K .
245 ## - TITLE STATEMENT
Title Engineering metrology /
250 ## - EDITION STATEMENT
Edition statement 16 /
260 ## - PUBLICATION, DISTRIBUTION, ETC. (IMPRINT)
Place of publication Delhi :
Name of publisher Khanna publishers ,
Year of publication 1991.
300 ## - PHYSICAL DESCRIPTION
Number of Pages 1372 ; .
500 ## - GENERAL NOTE
General note 17934, 17935 CSS
942 ## - ADDED ENTRY ELEMENTS (KOHA)
Koha item type Books
Holdings
Withdrawn status Lost status Damaged status Home library Current library Shelving location Date acquired Full call number Accession Number Koha item type
      KAUAET KAUAET Scheme 07/04/2012 620.0044 17934 Books
      KAUAET KAUAET Scheme 07/04/2012 620.0044 17935 Books
free website counter